| 000 | 00547nam a22001697a 4500 | ||
|---|---|---|---|
| 005 | 20140708155937.0 | ||
| 010 | _aENG-110035 | ||
| 020 |
_a9789383379163 _c380.00 |
||
| 035 | _aEN-93568 | ||
| 037 | _bDBAD/PUB | ||
| 082 | _a000 | ||
| 245 | _aIBPS-CWE RRB guide for office assistants (multipurpose) exam in regional rural banks | ||
| 260 |
_aNew Delhi _bDisha Publication _c(201?) |
||
| 270 |
_aB-32, Shivalik Main Road, Maliviya Nagar _bNew Delhi _e110017 |
||
| 300 |
_avarious pagings _b26cm(pbk) |
||
| 942 |
_2ddc _cEN _mIBP _h000 |
||
| 999 |
_c84352 _d84352 |
||